000 01398nam a22004217a 4500
003 OSt
005 20230531110500.0
008 221006b |||||||| |||| 00| 0 eng d
040 _cBiblioteca Lado V
082 _a709.05
_bF593u
100 _9832
_aFlecha, Mario
_eeditor
245 _aUntitled/
_bContemporary Art/
260 _bArts Councill England
_c1995
_aLondres
300 _c30x42cm
_a27p.
366 _eeng
490 _a8
_v1995
_x0969-9716
505 _aMariana Abromovic
505 _aVenice Biennale Report
505 _aDecline of the Viewer
505 _aPresswatch
505 _aChronicle
505 _aChristian Boltanski
505 _aVideo Art
505 _aArtist's Books
505 _aArtbabble
505 _aReviews
650 _2Tesauro de Arte & Arquitectura
_aARTE
_9703
650 _2Tesauro de Arte & Arquitectura
_aPINTURA
650 _2Tesauro de Arte & Arquitectura
_aFOTOGRAFIA
_9702
650 _2Tesauro de Arte & Arquitectura
_aENTREVISTAS
650 _2Tesauro de Arte & Arquitectura
_aMISCELANEA
650 _2Tesauro de Arte & Arquitectura
_aPROYECTOS DE ARTE
650 _2Tesauro de Arte & Arquitectura
_aINGLES
650 _2Tesauro de Arte & Arquitectura
_aARTE CONTEMPORANEO
651 _2Tesauro de Arte & Arquitectura
_aLONDRES
700 _aPlender, Olivia
_eEditora
942 _2ddc
_c1
_h709.05
_iF593u
_n0
999 _c3771
_d3771